000 00738nam a2200277Ia 4500
999 _c53637
_d53637
001 20684
003 GE_BSU
005 20200615135549.0
008 181216s||||||||xx |||||||||||||| ||und||
020 _a9780443067211
040 _cGE_BSU
080 _a611(084.4) D-80
100 _aDrake, Richard L.; Vogl, A. Wayne; Mitchell, Adam W. M.;
_98422
245 _aGray's Atlas of Anatomy
245 _cManaging editor Gruliow Rebecca
260 _aPhiladelfia
260 _bElsevier
260 _c2008
300 _a558 p. 28cm. ill.
541 _h131 Gel.
653 _aGray's Atlas of Anatomy
653 _aАнатомия
653 _aანატომია
653 _aმედიცინა
942 _cBK
_2udc